000 04196nkm0a2200541 4500
001 RU\NLR\BIBL_A\011176959
005 20260408075243.0
020 _aRU
_b1010 (1943-XIII)
_9Ленинград в Великой Отечественной войне : Печать Ленинграда. 1941-1945 : каталог изд., хранящихся в фондах Гос. Публ. б-ки. Вып. 2. Листовки, плакаты, открытки, альбомы / [сост. И.В. Разова, Ю.А. Фельдман, Е.М. Тепер и др.] ; М-во культуры РСФСР. Гос. Публ. б-ка им. М.Е. Салтыкова-Щедрина. - Ленинград, 1972
020 _aRU
_b109
_9Ленинградские "Окна ТАСС" 1941-1945 : из собрания Отдела эстампов Российской национальной библиотеки : иллюстрированный каталог / Рос. нац. б-ка ; [сост.: М. Ю. Мельникова и др. ; авт. вступ. ст. и биогр. материалов: И. В. Селиванова]. - Санкт-Петербург: Изд-во Российской национальной библиотеки, 2015
035 _a(NLR Aleph) 011176959
071 5 0 _d7 р.
090 _a13329169
_c13329169
100 _a20160715j1943 u y0rusy50 ca
101 0 _arus
102 _aRU
116 _aiiycxx bf ad
135 _acrcn 024anaba
200 1 _aМогуч порыв неудержимый Дивизий сталинских вперед. За счастье Родины любимой, За вольный труд, за свой народ!
_bИзоматериал
_e[плакат]
_fхудожник В. Селиванов
210 _a[Ленинград]
_d1943
_gЛТ УН-9
215 _a1 л.
_cхромолитография
_d108х70,5
225 1 _aОкно ТАСС
_iЛенинград
_v1943, № 13 (сентябрь)
300 _aСправа внизу монограмма художника и дата: "ВС 43"
300 _aАвтор текста Е.В. Язовицкий
300 _aПлакат был также издан как "Фронтовое Окно ТАСС", 1943, № 5 (сентябрь)
325 1 _aКопия доступна в электронной библиотеке РНБ
606 1 _aПлакат русский советский
_yЛенинград, город
_z1941 - 1945
_92096368
_3RU\NLR\AUTH\661571886
606 1 _aВеликая Отечественная война
_jПлакаты
_z1941 - 1945
_9903571
_3RU\NLR\AUTH\668893
686 0 _aЩ153(2Р=Рус)7-466
700 1 _aСеливанов
_bВ. Н.
_f1902-1982
_gВасилий Николаевич
_4040
702 1 _aЯзовицкий
_bЕ. В.
_f1904-1981
_gЕфрем Владимирович
712 0 2 _4570
_aТелеграфное агентство СССР
_bРедакция военно-оборонного плаката "Окна ТАСС"
_3RU\NLR\AUTH\8810071442
_9644791
712 0 2 _4570
_aТелеграфное агентство СССР
_bЛенинградское областное отделение
_3RU\NLR\AUTH\885717
_9283123
852 _aNLR
_bЭ
_jПлИр995/ОКТЛ-43
_mЭ032644
852 _aNLR
_bЭ
_jПлИр995/ОКТЛ-43
_mЭ032645
852 _aNLR
_bЭ
_jПлИр995/ОКТЛ-43
_mЭ032706
852 _aNLR
_bЭ
_jПлИр995/ОКТЛ-43
_mЭ035540
856 0 _uhttp://vivaldi.nlr.ru/la000010509/view
856 1 _uhttp://vivaldi.nlr.ru/la000010509/cover
856 2 _uhttp://vivaldi.nlr.ru/la000010509/text
901 _eИзографические материалы
942 _cVISUAL
945 _aРоссийская национальная библиотека
980 _aNB
980 _aBV
981 3 7 _a(37) Ленинград в Великой Отечественной войне
981 1 7 _a(17) Изографические материалы
_b(17) Плакаты